Významné osobnosti českého původu v Banské Štiavnici a okolí - Terra Banensium 10

Bibliographic Details
Main Author: Heintz, Pavel (Author)
Format: Article
Language:Czech
PhysicalDescription:Fotogr.
ISSN:1335-549X
Subjects:

MARC

LEADER 00000nab a2200000 a 4500
001 vtls000858544
003 SK-MaSNL
005 20260303122330.0
008 160324c2003 xo 0 cze
015 |a SNBRB2004/01-01032 
035 |a CLN000210192 
040 |a SNKBUCL  |b slo  |c SNKBUCL  |e AACR2 
041 0 |a cze 
044 |a xo  |c SK 
080 |a 929(437.6=850)  |2 1997 
100 1 |a Heintz, Pavel  |4 aut  |9 621343 
245 1 0 |a Významné osobnosti českého původu v Banské Štiavnici a okolí - Terra Banensium  |n 10  |c Pavel Heintz 
300 |b Fotogr. 
650 0 7 |a osobnosti významné české  |x pôsobenie  |z Banská Štiavnica (Slovensko)  |2 snkbucl  |9 1136768 
651 7 |a Banská Štiavnica (Slovensko)  |2 snkbucl  |9 16373 
655 7 |a články z novín a časopisov  |2 snkbucl  |9 267496 
773 0 |x 1335-549X  |t Česká beseda  |g Roč. 9, č. 11 (2003), s. 14 
850 |a Slovenská národná knižnica v Martine 
852 |a SNK  |b KIS3GCP 
958 |a CZ 
958 |a SK 
958 |a RBX 
999 |c 1920397  |d 1922327